000 00346nam a22001457a 4500
003 OSt
005 20160727222347.0
008 160621b xxu||||| |||| 00| 0 eng d
040 _cTEST
100 _9270
_aBarclay, S,
245 _aMachine at Work
260 _aLon
_b World Book International
_c1990
300 _aMachine at Work
942 _2ddc
_cBK
999 _c216
_d216